000 00818cem a22002055a 4500
001 L157124
008 120904e18191025xxk f 000 0 eng d
035 _a(Sirsi) u157124
041 0 _aeng
100 1 _aGreenwood, C.
_q(Christopher)
_d1786-1855
245 0 0 _aMap of the county of Middlesex
_bfrom an actual survey, made in the year 1818 & 1819
_cby C. Greenwood
260 _aLondon
_bPublished by the proprietors G. Pringle and C. Greenwood
_cOct. 25. 1819
300 _a1 map
_bcol., dissected and mounted on linen
_c125 x 128 cm., folded to 27 x 16 cm., in slip case 28 cm.
520 _aTitle on slip-case: Greenwood's map of Middlesex.
520 _aScale: 2 inches = 1 mile.
583 _aCondition reviewed
_c20120620
_lcondition level 2
651 4 _aMiddlesex
690 _aGeomatics
_96242
942 _n0
999 _c114614
_d114614